Management processes and functions (Record no. 340148)

000 -LEADER
fixed length control field 00357cam a22001217a 4500
008 - FIXED-LENGTH DATA ELEMENTS--GENERAL INFORMATION
fixed length control field 180718b1990 xxu||||| |||| 00| 0 eng d
082 ## - DEWEY DECIMAL CLASSIFICATION NUMBER
Classification number I5 Ar58
100 ## - MAIN ENTRY--PERSONAL NAME
Personal name Armstrong, Michael
245 ## - TITLE STATEMENT
Title Management processes and functions
Statement of responsibility, etc. by Michael Armstrong
260 ## - PUBLICATION, DISTRIBUTION, ETC.
Place of publication, distribution, etc. Wimbledon
Name of publisher, distributor, etc. Institute of Perosnnel Management
Date of publication, distribution, etc. 1990
300 ## - PHYSICAL DESCRIPTION
Extent 296p.
650 ## - SUBJECT ADDED ENTRY--TOPICAL TERM
Topical term or geographic name entry element Management
Holdings
Withdrawn status Lost status Damaged status Not for loan Permanent Location Current Location Date acquired Full call number Barcode Date last seen Price effective from Koha item type
        Indian Institute of Public Administration Indian Institute of Public Administration 1993-09-09 I5 Ar58 65219 2018-07-21 2018-07-21 Book

Powered by Koha